Sports Quiz

Random Sports or NBA Quiz
Score 0/44 Timer 10:00
0 Plays Today
Season Player % Correct
2011-12**LeBron James
94.7%
1987-88Michael Jordan
92.2%
1996-97Michael Jordan
92.2%
1997-98Michael Jordan
92.2%
2005-06Kobe Bryant
90.9%
1993-94Shaquille O'Neal
85.7%
2000-01Shaquille O'Neal
85.7%
2012-13James Harden
85.2%
2011-12**Kevin Durant
83.8%
2013-14Kevin Durant
83.8%
2014-15Russell Westbrook
80.8%
1971-72Kareem Abdul-Jabbar
78.1%
1981-82Kareem Abdul-Jabbar
78.1%
2015-16Stephen Curry
76.6%
1996-97*Allen Iverson
75.5%
1990-91Karl Malone
71.5%
1991-92Karl Malone
71.5%
1968-69Flynn Robinson
69%
1993-94David Robinson
69%
1978-79Marques Johnson
68.4%
1977-78David Thompson
61.8%
1980-81David Thompson
61.8%
Season Player % Correct
1988-89Charles Barkley
61%
2008-09Dirk Nowitzki
58%
1977-78George Gervin
50.4%
1984-85Dominique Wilkins
46.8%
1985-86Dominique Wilkins
46.8%
1973-74Bob McAdoo
34.6%
1975-76Bob McAdoo
34.6%
2000-01Antoine Walker
33.5%
2018-19Kemba Walker
33.5%
1972-73Pete Maravich
32.3%
1976-77Pete Maravich
32.3%
2014-15Marc Gasol
30.8%
1989-90Dale Ellis
23.6%
2005-06Michael Redd
20.3%
1983-84Kiki Vandeweghe
17.9%
1973-74Fred Brown
14.6%
2008-09Danny Granger
13.5%
1999-00*Lamar Odom
7.8%
1990-91Orlando Woolridge
6.8%
1987-88Otis Thorpe
3.8%
1978-79Larry Kenon
2.3%
1967-68Walt Hazzard
1.9%
Come Together.
Have Fun.
All Virtual.
We all need to come together. Play Sporcle's virtual live trivia to have fun, connect with people, and get your trivia on. Join a live hosted trivia game for your favorite pub trivia experience done virtually. If a virtual private party is more your thing, go here for details.

You're not logged in!

Compare scores with friends on all Sporcle quizzes.
OR
Log In

Sporcle TV

Today on Sporcle TV


Watch our educational content, quiz creation guides, and fun videos on Sporcle TV.

Show Comments

Extras

Created Feb 13, 2020ReportNominate
Tags:NBA Quiz, Player, point, season, team

Top Quizzes Today


Score Distribution

Paid Content

Your Account Isn't Verified!

In order to create a playlist on Sporcle, you need to verify the email address you used during registration. Go to your Sporcle Settings to finish the process.

Report this User

Report this user for behavior that violates our Community Guidelines.

Details: